000 00702nam a2200217Ia 4500
001 3297
003 GE_BSU
008 181216s||||||||xx |||||||||||||| ||und||
040 _cGE_BSU
080 _a69.05(035)
100 _aЛыпный,М.Д.
245 _aСправочник производителя работ в строительстве.
245 _cРед. С.Н.Сотниченко.
250 _aИзд. второе, доп. и перераб.
260 _aКиев.
260 _bБудiвельник.
260 _c1978.
300 _a400 стр. 21 см.
653 _aСправочник производителя работ в строительстве.
942 _cBK
999 _c37338
_d37338